Skip to content
VuFind
All Fields
Title
Author
Subject
Call Number
ISBN/ISSN
Tag
Find
Advanced
Introducing computers,concepts...
Cite this
Print
Export Record
Export to RefWorks
Export to EndNoteWeb
Export to EndNote
Export to MARC
Introducing computers,concepts,systems.
Bibliographic Details
Format:
Book
Holdings
Description
Similar Items
Staff View
MARC
LEADER
00000cam a2200000 7i4500
001
0000008074
002
000008811
005
20000330.0
020
|a
047113603
090
0
0
|a
004
|b
BLI
245
1
0
|a
Introducing computers,concepts,systems.
999
|a
042059
|b
BUKU
|c
PINJAMAN
|e
PERPUSTAKAAN KOMUNITI PETALING JAYA
Similar Items
Computer concepts
by: Parsons, June Jamrich
Published: (2009)
Computer concepts illustrated : introductory
by: Parsons, June Jamrich
Published: (2013)
Computers and information systems
by: Hutchinson, Sarah E
Published: (1996)
Computer systems CS101
Computer systems & application : a step by step approach
by: Palani Murugappan
Published: (2005)